<?xml version="1.0" encoding="UTF-8"?>
<record
    xmlns:xsi="http://www.w3.org/2001/XMLSchema-instance"
    xsi:schemaLocation="http://www.loc.gov/MARC21/slim http://www.loc.gov/standards/marcxml/schema/MARC21slim.xsd"
    xmlns="http://www.loc.gov/MARC21/slim">

  <leader>01787nas a2200277Ia 4500</leader>
  <controlfield tag="001">R050-R9987</controlfield>
  <controlfield tag="003">IT-CnALBA</controlfield>
  <controlfield tag="008">170116c99999999xx ||||||||||||   ||und||</controlfield>
  <datafield tag="040" ind1=" " ind2=" ">
    <subfield code="a">IT-CnALBA</subfield>
    <subfield code="c">IT-CnALBA</subfield>
  </datafield>
  <datafield tag="041" ind1=" " ind2=" ">
    <subfield code="a">ITALIANO</subfield>
  </datafield>
  <datafield tag="100" ind1=" " ind2=" ">
    <subfield code="a">ADRIANI MAURILIO</subfield>
  </datafield>
  <datafield tag="210" ind1=" " ind2=" ">
    <subfield code="a">HUMANITAS</subfield>
  </datafield>
  <datafield tag="222" ind1=" " ind2=" ">
    <subfield code="a">HUMANITAS</subfield>
  </datafield>
  <datafield tag="245" ind1=" " ind2="0">
    <subfield code="a">HUMANITAS. GENNAIO DICEMBRE 1950. RIVISTA DI CULTURA. </subfield>
  </datafield>
  <datafield tag="250" ind1=" " ind2=" ">
    <subfield code="a">1a ed.</subfield>
  </datafield>
  <datafield tag="260" ind1=" " ind2=" ">
    <subfield code="a"> BRESCIA</subfield>
    <subfield code="b">MORCELLIANA EDITRICE </subfield>
    <subfield code="c">1950 [1&#xB0; Ed.:1950 - Ed.Ling.Originale: 1950]</subfield>
  </datafield>
  <datafield tag="300" ind1=" " ind2=" ">
    <subfield code="a">1274 p. </subfield>
  </datafield>
  <datafield tag="310" ind1=" " ind2=" ">
    <subfield code="a">MENSILE</subfield>
  </datafield>
  <datafield tag="362" ind1=" " ind2=" ">
    <subfield code="a">Fascicolo: 1-12 / Anno: 5 (1950)</subfield>
  </datafield>
  <datafield tag="500" ind1=" " ind2=" ">
    <subfield code="a">ARTICOLI. EUROPA. NOTE. NOTIZIARI E RASSEGNE. RECENSIONI. IL CONCETTO DI STORIA NEL CRISTIANESIMO E NEL MARXISMO. REFERENDUM SULL'EUROPA. DISCIPLINA ASCETICA ROSMINIANA. ESSENZIALITA' TOMISTICA, PROSPETTIVE SULL'ENTE. BENDISCIOLI M. L'ALTRA GERMANIA IN TESTIMONIANZE POSTUME E RIEVOCAZIONI. LUCI ED OMBRE DEL QUIETISMO ITALIANO NEL ''600. FALCONI C. VENT''ANNI DI MORAVIA, DA GLI INDIFFERENTI A L'AMORE CONIUGALE. CRISTO COME SENSO DELLA STORIA NEL PENSIERO DEL FILOSOFO MARTIRE DI SICHEM. </subfield>
  </datafield>
  <datafield tag="501" ind1=" " ind2=" ">
    <subfield code="a">Societ&#xE0; San Paolo EM - Piazza San Paolo, 14 - 12051 ALBA (CN)  (non commercial uses only) &#xAE; Copyright 2017</subfield>
  </datafield>
  <datafield tag="520" ind1=" " ind2=" ">
    <subfield code="a">ARTICOLI. EUROPA. NOTE. NOTIZIARI E RASSEGNE. RECENSIONI. IL CONCETTO DI STORIA NEL CRISTIANESIMO E NEL MARXISMO. REFERENDUM SULL'EUROPA. DISCIPLINA ASCETICA ROSMINIANA. ESSENZIALITA' TOMISTICA, PROSPETTIVE SULL'ENTE. BENDISCIOLI M. L'ALTRA GERMANIA IN TESTIMONIANZE POSTUME E RIEVOCAZIONI. LUCI ED OMBRE DEL QUIETISMO ITALIANO NEL ''600. FALCONI C. VENT''ANNI DI MORAVIA, DA GLI INDIFFERENTI A L'AMORE CONIUGALE. CRISTO COME SENSO DELLA STORIA NEL PENSIERO DEL FILOSOFO MARTIRE DI SICHEM. </subfield>
  </datafield>
  <datafield tag="650" ind1=" " ind2=" ">
    <subfield code="a">CULTURA</subfield>
  </datafield>
  <datafield tag="942" ind1=" " ind2=" ">
    <subfield code="c">CR</subfield>
  </datafield>
  <datafield tag="957" ind1=" " ind2=" ">
    <subfield code="7">1</subfield>
  </datafield>
  <datafield tag="999" ind1=" " ind2=" ">
    <subfield code="a">61554</subfield>
    <subfield code="b">NO</subfield>
    <subfield code="g">1</subfield>
    <subfield code="c">328580</subfield>
    <subfield code="d">328580</subfield>
  </datafield>
  <datafield tag="952" ind1=" " ind2=" ">
    <subfield code="0">0</subfield>
    <subfield code="1">0</subfield>
    <subfield code="4">0</subfield>
    <subfield code="6">R_050R9987</subfield>
    <subfield code="7">1</subfield>
    <subfield code="a">ALBA</subfield>
    <subfield code="b">ALBA</subfield>
    <subfield code="d">2017-01-16</subfield>
    <subfield code="l">0</subfield>
    <subfield code="o">R050-R9987</subfield>
    <subfield code="r">2017-01-16 00:00:00</subfield>
    <subfield code="w">2017-01-16</subfield>
    <subfield code="y">CR</subfield>
    <subfield code="z">(data import: 16 gennaio 2017) - By Epidotti, Vaglietti. </subfield>
  </datafield>
</record>
